000 00603nam a2200217Ia 4500
003 OSt
005 20220926035257.0
006 a|||||r|||| 00| 0
007 ta
008 220923b |||||||| |||| 00| 0 eng d
037 _cGeneral Book
040 _aRTL
_cRTL
_beng
041 _2eng
_aeng
082 _aX:31.59M, H8
100 _aGilbert Milton, and others
_9342080
245 0 _aComparative national products and price levels
_b A
260 _c1948
650 _aNational Income
942 _hX:31.59M, H8
_cGB
_2CC
999 _c661750
_d661750